Welcome to CU Library Online Public Access Catalogue (OPAC)

New Testament introduction / (Record no. 7212)

MARC details
000 -LEADER
fixed length control field 00749pam a2200229 a 4500
001 - CONTROL NUMBER
control field 1525608
005 - DATE AND TIME OF LATEST TRANSACTION
control field 20250729174151.0
008 - FIXED-LENGTH DATA ELEMENTS--GENERAL INFORMATION
fixed length control field 900109s1990 ilu b 001 0 eng
020 ## - INTERNATIONAL STANDARD BOOK NUMBER
International Standard Book Number 0830814027
020 ## - INTERNATIONAL STANDARD BOOK NUMBER
International Standard Book Number 9780830814022
050 00 - LIBRARY OF CONGRESS CALL NUMBER
Classification number BS2330.2
Item number .G87 1990
082 00 - DEWEY DECIMAL CLASSIFICATION NUMBER
Classification number 225.6/1
Edition information 20
100 1# - MAIN ENTRY--PERSONAL NAME
Personal name Guthrie, Donald,
Dates associated with a name 1916-1992.
245 10 - TITLE STATEMENT
Title New Testament introduction /
Statement of responsibility, etc. Donald Guthrie.
250 ## - EDITION STATEMENT
Edition statement 4th rev. ed.
260 ## - PUBLICATION, DISTRIBUTION, ETC.
Place of publication, distribution, etc. Downers Grove, Ill. :
Name of publisher, distributor, etc. Inter-Varsity Press,
Date of publication, distribution, etc. 1990.
300 ## - PHYSICAL DESCRIPTION
Extent 1161 p. ;
Dimensions 24 cm.
440 #5 - SERIES STATEMENT/ADDED ENTRY--TITLE
Title [The master reference collection]
500 ## - GENERAL NOTE
General note Series taken from jacket.
856 42 - ELECTRONIC LOCATION AND ACCESS
Materials specified Contributor biographical information
Uniform Resource Identifier <a href="http://www.loc.gov/catdir/enhancements/fy1007/90030404-b.html">http://www.loc.gov/catdir/enhancements/fy1007/90030404-b.html</a>
942 ## - ADDED ENTRY ELEMENTS (KOHA)
Source of classification or shelving scheme Library of Congress Classification
Koha item type Reference
Suppress in OPAC No
999 ## -
-- 7212
-- 7212
Holdings
Withdrawn status Lost status Source of classification or shelving scheme Damaged status Not for loan Collection Home library Current library Shelving location Date acquired Total checkouts Full call number Barcode Date last seen Copy number Price effective from Koha item type
    Library of Congress Classification     Reference Undergraduate Library (Christ Temple) Undergraduate Library (Christ Temple) General stacks 07/29/2025   BS 2330.2GUT ulct00004233 07/29/2025 1 07/29/2025 Reference
© 2023-2024 Copyright: Central University Libraries. All Rights Reserved | Created by: Mahone Tech Office